00910 a2200229 450000100040000000500170000400800410002100300150006204000400007708000730011724501180019002000220030825000120033026400340034230000190037604100080039510000280040370000570043170000310048870000320051985601290055113420260407155413.0260407a2007 arg spa dAR-UNSa-BCEJYS aAR-UNSa-BCEJYSbspacAR-UNSa-BCEJYS a347.91(094.4)*BxCódigo Procesal Civil y Comercial de Buenos Aires10aCódigo Procesal Civil y Comercial de la Provincia de Buenos Airespcon legislación complementaria actualizada a978-987-01-0653-1 a4a. ed. 1aBuenos Aires :bErreparc2007 a591 p.c21 cm. aspa1 aParada, Ricardo Antonio1 aBuenos Aires (Código Procesal Cívil y Comercial)1 aErrecaborde, José Daniel1 aCañada, Francisco Roberto41uhttps://biblioeco.unsa.edu.ar/pmb/images/libros/Codigo procesal civil y comercial-l117410.jpgyImagen de portadaqimage/jpeg